00425nam a2200121 i 4500001000300000100001900003245010500022260002100127040000800148041000800156008004100164856009800205bg1 aRUBICA, Ernest 0aNośność graniczna i sztywność słupów stalowych o przekrojach skrzynkowych /cE. Rubica. aWrocław,c1991. cBPK apol s pl f |000 0 pol  uhttp://koha.tu.koszalin.pl/cgi-bin/koha/opac-detail.pl?biblionumber=29501yKatalog online BPK